| 000 | 01654nam a22002657a 4500 | ||
|---|---|---|---|
| 003 | OSt | ||
| 005 | 20250414143452.0 | ||
| 008 | 210226s2015 sp ||||er|||| 00| fdspa d | ||
| 020 | _a9781326427214 | ||
| 040 |
_aCO-JMCR _cCO-JMCR |
||
| 041 | 0 | _aspa | |
| 082 | 0 | 4 |
_aA-N _bFRAs _223 |
| 100 | 1 |
_aFranco V., Edelmiro, _eautor _914046 |
|
| 245 | 1 | 0 |
_aSueños en cenizas / _cEdelmiro Franco V. |
| 250 | _a1° edición | ||
| 260 |
_aMadrid : _bFalsaria, _c2015 |
||
| 300 |
_a117 páginas ; _c21 cm. |
||
| 500 | _aIncluye datos biográficos del autor. | ||
| 520 | 3 | _aSueños de cenizas. 12 de mayo de 1922, nace la abuela Aura en San Roque, un pueblo ultraconservador en el noreste de Colombia, y muere el 6 de junio de 2012, después de cumplir 90 años, en una clínica de Medellín, la ciudad que albergo a miles de familias campesinas que huyeron de la violencia liberal-conservadora en la década de los 50 del siglo pasado. La abuela Aura, un día después de una delicada cirugía, estaba completamente lucida y sonriente en la habitación 325 de la clínica Las Américas. Ella cargaba con sus 90 años, un cúmulo de historias de violencia desde 1946: persecuciones, desplazamientos, guerrilla, narcotráfico y paramilitarismo. Entre abrazos, besos y lágrimas con su hijo Jesús -quien llego del exilio- la abuela empieza a recordar su pasado y cierra el diálogo con la frase: -Mijo, ¿si cree que tengamos paz algún día...? | |
| 650 | 1 | 4 |
_aNovela colombiana _914047 |
| 650 | 2 | 4 |
_aAbuelas _xnovela _914048 |
| 650 | 2 | 4 |
_aViolencia política _vnovela _zColombia _914049 |
| 650 | 2 | 4 |
_aPartidos políticos _vnovela _zColombia _914050 |
| 942 |
_2ddc _cBK |
||
| 999 |
_c7358 _d7358 |
||